Manorama yearbook 2003 (Record no. 42100)

MARC details
000 -LEADER
fixed length control field 00251nam a2200109Ia 4500
020 ## - INTERNATIONAL STANDARD BOOK NUMBER
ISBN 05425778
082 ## - DEWEY DECIMAL CLASSIFICATION NUMBER
Classification number 0582003
Item number MAN
245 #0 - TITLE STATEMENT
Title Manorama yearbook 2003
260 ## - PUBLICATION, DISTRIBUTION, ETC. (IMPRINT)
Place of publication Kottayam
Year of publication 2003
942 ## - ADDED ENTRY ELEMENTS (KOHA)
Koha item type Books
Holdings
Withdrawn status Lost status Damaged status Not for loan Home library Current library Date acquired Cost, normal purchase price Full call number Accession Number Koha item type
        RRII Library RRII Library 16/12/2021 95.00 0582003 MAN 22377 Books